Statistics for 東京メトロ半蔵門線の駅

Click here to take the quiz!

General Stats

  • This quiz has been taken 208 times
  • The average score is 11 of 14

Answer Stats

駅番号% Correct
Z01渋谷駅
99%
Z05半蔵門駅
94%
Z14押上駅
91%
Z02表参道駅
90%
Z03青山一丁目駅
85%
Z04永田町駅
82%
Z06九段下駅
81%
Z08大手町駅
81%
Z13錦糸町駅
77%
Z11清澄白河駅
72%
Z07神保町駅
71%
Z10水天宮前駅
70%
Z09三越前駅
68%
Z12住吉駅
68%

Score Distribution

Percentile by Number Answered

Percent of People with Each Score

Your Score History

You have not taken this quiz